El marco general de la política social para el combate de la pobreza /

Spremljeno u:
Bibliografski detalji
Glavni autor: Barahona, Manuel
Format: Tekst
Oznake: Dodaj oznaku
Bez oznaka, Budi prvi tko označuje ovaj zapis!

MARC

LEADER 00000 a a2200000 04500
001 47723
003
040
100 |a Barahona, Manuel  
245 |a El marco general de la política social para el combate de la pobreza /  |c Manuel Barahona  
773 |g páginas 67-70  
999 |c 34297  |d 34297